000 00457nam a22001337a 4500
020 _a9780789329189
040 _cNUST
082 _a728.93 ZAM
100 _aZamora Mola, Francesc
_988489
245 _aOutside Living:
_bTerraces, Balconies, Roof Decks, Courtyards, Pocket Gardens, and other Small Outdoor Spaces
260 _aNew York:
_bUniverse Publishing,
_c2015.
650 _aOutdoor living spaces -- Design and construction.
_988490
942 _2ddc
_cBK
999 _c587640
_d587640